Polt̕icas y estrategias en la gestin̤ de EMP - Medelln̕

Detalles Bibliográficos
Autor principal: Varela Barrios, Edgar
Formato: eBook
Lenguaje:español
Publicado: Bogot ̀: Ediciones de la U, 2011.
Materias:
Acceso en línea:Acceso restringido

MARC

LEADER 00000nam a22000007a 4500
005 20110901135125.0
008 110901t2010 ck ||||s|||| 00| 0 spa d
020 |a 978-958-867-524-4 
035 |a 5572 
040 |a vLex 
090 |c 2336  |d 2336 
100 1 |a Varela Barrios, Edgar 
245 1 0 |a Polt̕icas y estrategias en la gestin̤ de EMP - Medelln̕  |c Edgar Varela Barrios  |h [Recurso electrn̤ico] / 
256 |a Servicio en ln̕ea. 
260 |a Bogot ̀:  |b Ediciones de la U,  |c 2011. 
500 |a Las Empresas Pb︢licas de Medelln̕ (EPM-Medelln̕) se han convertido en una suerte de mito organizacional y de la buena administracin̤ de lo pb︢lico, mito no solo amparado en sus indicadores y activos como en el hecho de ser el segundo patrimonio pb︢lico del pas̕, despuš de la empresa estatal de petrl̤eos, ECOPETROL sino adems̀ por su larga historia de ms̀ de medio siglo como ente autn̤omo creado en 1955. 
506 1 |a Contenido solo disponible en los productos indicados  |d vLex Global  |d vLex Global (Academic Edition, excluding Law Schools)  |d vLex Global (U.S. Academic Edition, Law Schools)  |d vLex Global (U.S. Academic Edition, excluding Law Schools)  |d vLex Global (Academic Edition, Law Schools) 
650 0 4 |a Empresas pb︢licas  |x Direccin̤ y administracin̤  |z Colombia 
740 0 |a vLex Libros (Servicio en ln̕ea) 
856 4 0 |u http://vlex.com/source/politicas-estrategias-gestion-epm-medellin-5572  |z Acceso restringido 
942 |c BOOK